Report of the national committee on educational objectives and policies / (Record no. 932)

000 -LEADER
fixed length control field 00667nam a22001817a 4500
003 - CONTROL NUMBER IDENTIFIER
control field OSt
005 - DATE AND TIME OF LATEST TRANSACTION
control field 20140116120841.0
008 - FIXED-LENGTH DATA ELEMENTS--GENERAL INFORMATION
fixed length control field 120530t xxu||||| |||| 00| 0 eng d
050 ## - LIBRARY OF CONGRESS CALL NUMBER
Classification number L666.K4 R47 1976
100 ## - MAIN ENTRY--PERSONAL NAME
Personal name Gachathi, Peter J.
245 ## - TITLE STATEMENT
Title Report of the national committee on educational objectives and policies /
Statement of responsibility, etc Peter J. Gachathi, chair.
260 ## - PUBLICATION, DISTRIBUTION, ETC. (IMPRINT)
Place of publication, distribution, etc Nairobi :
Name of publisher, distributor, etc Government Printers,
Date of publication, distribution, etc 1976.
300 ## - PHYSICAL DESCRIPTION
Extent xix, 228p.
500 ## - GENERAL NOTE
General note Title on cover: Republic of Kenya, Report of the National Committe on Educational objectives and policies.
650 ## - SUBJECT ADDED ENTRY--TOPICAL TERM
Topical term or geographic name as entry element Education
Geographic subdivision Kenya.
650 ## - SUBJECT ADDED ENTRY--TOPICAL TERM
Topical term or geographic name as entry element Educational objectives and policies
Geographic subdivision Kenya.
942 ## - ADDED ENTRY ELEMENTS (KOHA)
Source of classification or shelving scheme
Koha item type Book
Holdings
Withdrawn status Lost status Source of classification or shelving scheme Damaged status Not for loan Home library Current library Date acquired Source of acquisition Total Checkouts Full call number Date last seen Price effective from Koha item type
          Riara University Library Riara University Library 30/05/2012 Purchase   L666.K4 R47 1976 30/05/2012 30/05/2012 Book

Riara University Library,
P.O. Box 49940-00100,
Nairobi, Kenya.